| 000 | 00450nam a22001697a 4500 | ||
|---|---|---|---|
| 003 | BD-ChCU | ||
| 005 | 20251208103542.0 | ||
| 008 | 251208b bg ||||| |||| 00| 0 ben d | ||
| 040 | _cBD-ChCU | ||
| 082 | _a144.6 STE | ||
| 100 |
_aStephen, Leslie. _917655 |
||
| 245 |
_aThe English utilitarians.// _cLeslie Stephen. |
||
| 260 |
_aLondon _bS. of E. & P S. _c1950 |
||
| 300 | _aVol.1 | ||
| 650 | 0 |
_aPhilosophy - English. _917656 |
|
| 942 |
_2ddc _cBK _n0 |
||
| 999 |
_c110212 _d110212 |
||